Технология переработки углеводородных газов: учебник для вузов

Detaylı Bibliyografya
Diğer Yazarlar: Арутюнов В. С. Владимир Сергеевич, Голубева И. А. Ирина Александровна, Елисеев О. Л. Олег Леонидович, Жагфаров Ф. Г. Фирдавес Гаптелфартович
Özet:Данное учебное пособие подготовлено на кафедре газохимии РГУ нефти и газа (НИУ) имени И. М. Губкина. Оно охватывает широкий круг вопросов, связанных с технологическими процессами переработки углеводородных газов. Приводятся общие сведения о природных газах — их составе и свойствах, транспортировке и хранении, их значении в экономике и энергетике. Даны сведения по истории, современному состоянию и перспективам развития процессов переработки газа в России и за рубежом. Представлены основные стадии подготовки газа к переработке. Рассмотрены области использования природных газов и газоконденсатов, требования к их качеству. Дано описание газоперерабатывающих предприятий России, их состояния и перспектив развития. Детально рассмотрены процессы химической переработки природных газов, их компонентов и первичных продуктов их химической конверсии.
Dil:Rusça
Baskı/Yayın Bilgisi: Москва, Юрайт, 2022
Seri Bilgileri:Высшее образование
Konular:
Materyal Türü: Kitap
KOHA link:https://koha.lib.tpu.ru/cgi-bin/koha/opac-detail.pl?biblionumber=348222

MARC

LEADER 00000nam0a2200000 4500
001 348222
005 20231102010102.0
010 |a 9785534123982 
035 |a (RuTPU)RU\TPU\book\380182 
090 |a 348222 
100 |a 20221115d2022 m y0rusy50 ca 
101 0 |a rus 
102 |a RU 
105 |a a j 001zy 
200 1 |a Технология переработки углеводородных газов  |e учебник для вузов  |f В. С. Арутюнов, И. А. Голубева, О. Л. Елисеев, Ф. Г. Жагфаров 
210 |a Москва  |c Юрайт  |d 2022 
215 |a 723 с.  |c ил. 
225 1 |a Высшее образование 
320 |a Библиография в конце глав 
320 |a Сокращения и обозначения: с. 11-15 
330 |a Данное учебное пособие подготовлено на кафедре газохимии РГУ нефти и газа (НИУ) имени И. М. Губкина. Оно охватывает широкий круг вопросов, связанных с технологическими процессами переработки углеводородных газов. Приводятся общие сведения о природных газах — их составе и свойствах, транспортировке и хранении, их значении в экономике и энергетике. Даны сведения по истории, современному состоянию и перспективам развития процессов переработки газа в России и за рубежом. Представлены основные стадии подготовки газа к переработке. Рассмотрены области использования природных газов и газоконденсатов, требования к их качеству. Дано описание газоперерабатывающих предприятий России, их состояния и перспектив развития. Детально рассмотрены процессы химической переработки природных газов, их компонентов и первичных продуктов их химической конверсии. 
606 1 |a Углеводородные газы  |x Переработка  |2 stltpush  |3 (RuTPU)RU\TPU\subj\33981  |9 56067 
610 1 |a природные газы 
610 1 |a газоперерабатывающая промышленность 
610 1 |a первичная переработка 
610 1 |a серосодержащие газы 
610 1 |a сера 
610 1 |a производство 
610 1 |a газовые конденсаты 
610 1 |a стабилизация 
610 1 |a низшие парафиновые углеводороды 
610 1 |a термическая конверсия 
610 1 |a термокаталитическая конверсия 
610 1 |a химические продукты 
610 1 |a олефины 
610 1 |a олигомеризация 
610 1 |a полимеризация 
610 1 |a легкие углеводороды 
610 1 |a окисление 
610 1 |a синтез-газ 
610 1 |a галогенирование 
610 1 |a легкие алканы 
610 1 |a Россия 
610 1 |a нефтегазохимический комплекс 
610 1 |a газоперерабатывающие заводы 
610 1 |a учебники 
675 |a 665.632(075.8)  |v 4 
701 1 |a Арутюнов  |b В. С.  |g Владимир Сергеевич 
701 1 |a Голубева  |b И. А.  |g Ирина Александровна 
701 1 |a Елисеев  |b О. Л.  |g Олег Леонидович 
701 1 |a Жагфаров  |b Ф. Г.  |g Фирдавес Гаптелфартович 
801 1 |a RU  |b 63413507  |c 20221115 
801 2 |a RU  |b 63413507  |c 20230203  |g RCR 
942 |c BK 
959 |a 23/20221115  |d 3  |e 2636,87  |f УФ:2  |f ЧЗТЛ:1